Score 0/20 Timer 04:00
1 Play Today
% Correct
Toy Story
99.8%
Shrek
97.2%
E.T. the Extra-Terrestrial
95.3%
The Avengers
94.6%
The Incredibles
94.5%
Pirates of the Caribbean: Dead Man's Chest
93.1%
Finding Nemo
92.8%
Peter Pan
92.2%
The Jungle Book
91.5%
Madagascar
90.8%
% Correct
Kung Fu Panda
90.6%
Despicable Me
89.8%
Ice Age
88.4%
Ratatouille
85.4%
Frankenstein
80.7%
Chicken Little
79.5%
Pinocchio
75.9%
Open Season
41%
The Wolf Man
29.1%
Creature from the Black Lagoon
25%
Remove Ads.
Support Sporcle.
Get the best of Sporcle when you Go Orange. This ad-free experience offers more features, more stats, and more fun while also helping to support Sporcle. Thank you for becoming a member.

You're not logged in!

Compare scores with friends on all Sporcle quizzes.
OR
Log In

Show Comments

Extras

Top Quizzes Today


Score Distribution

Your Account Isn't Verified!

In order to create a playlist on Sporcle, you need to verify the email address you used during registration. Go to your Sporcle Settings to finish the process.

Report this User

Report this user for behavior that violates our Community Guidelines.

Details: